[Event "Kurunegala op 11th"]
[Site "Kurunegala"]
[Date "2019.11.30"]
[Round "2"]
[White "De Silva, LMST"]
[Black "Rajapaksha, Dulitha K"]
[Result "1-0"]
[WhiteElo "1968"]
[BlackElo "1066"]
[PlyCount "73"]
[EventDate "2019.11.30"]
[EventType "swiss"]
[EventRounds "10"]
[EventCountry "SRI"]
[SourceTitle "CBM 193 Extra"]
[Source "ChessBase"]
[SourceDate "2020.01.31"]
[SourceVersion "1"]
[SourceVersionDate "2020.01.31"]
[SourceQuality "1"]

1. e4 c5 2. Nf3 d6 3. Bb5+ Bd7 4. Bxd7+ Nxd7 5. 0-0 Ngf6 6. Re1 e6 7. c4 Be7 8. Nc3 0-0 9. d4 cxd4 10. Nxd4 a6 11. b3 Qc7 12. Bb2 Rac8 13. Rc1 Rfe8 14. h3 Ne5 15. f4 Ng6 16. f5 exf5 17. Nxf5 Qc5+ 18. Kh1 Bf8 19. Na4 Qc6 20. Bxf6 gxf6 21. Nc3 Ne7 22. Nxd6 Rcd8 23. Qg4+ Ng6 24. Nxe8 Qxe8 25. Nd5 Qe5 26. Rf1 Bh6 27. Rcd1 Rd6 28. Rf5 Qb2 29. Ne7+ Kg7 30. Rxd6 Qc1+ 31. Rd1 Qe3 32. Rdf1 Qd4 33. Rxf6 Qc3 34. Rxf7+ Kh8 35. Rxh7+ Kxh7 36. Qxg6+ Kh8 37. Qxh6# 1-0